[Event "CYCC U14"]
[Site "Quebec CAN"]
[Date "2018.07.03"]
[Round "4.31"]
[White "Zhao, Jeffrey R"]
[Black "Liu, Harrison"]
[Result "1-0"]
[WhiteElo "1973"]
[BlackElo "1828"]
[PlyCount "69"]
[EventDate "2018.07.02"]
[EventType "swiss"]
[EventRounds "7"]
[EventCountry "CAN"]

1. e4 c5 2. Nf3 d6 3. d4 cxd4 4. Nxd4 Nf6 5. Nc3 g6 6. Be3 Bg7 7. f3 O-O 8. Qd2
Nc6 9. Bc4 Bd7 10. O-O-O a6 11. g4 b5 12. Bb3 Ne5 13. Bh6 Nc4 14. Qg5 e5 15.
Bxg7 Kxg7 16. Nf5+ Bxf5 17. gxf5 Nh5 18. Qxd8 Rfxd8 19. Nd5 Nf6 20. Bxc4 bxc4
21. Nb6 Ra7 22. Nxc4 Rad7 23. fxg6 fxg6 24. Rd3 Ne8 25. Rhd1 Kf6 26. Nb6 Rf7
27. Nd5+ Ke6 28. Kd2 Nc7 29. Nxc7+ Rxc7 30. c3 Rc5 31. Ke3 Ra5 32. a3 Rb5 33.
b4 d5 34. exd5+ Rbxd5 35. c4 1-0

[Event "CYCC U14"]
[Site "Quebec CAN"]
[Date "2018.07.03"]
[Round "4.32"]
[White "Papneja, Arul"]
[Black "Mirabelli, Aidan"]
[Result "1-0"]
[WhiteElo "2082"]
[BlackElo "1592"]
[PlyCount "40"]
[EventDate "2018.07.02"]
[EventType "swiss"]
[EventRounds "7"]
[EventCountry "CAN"]

1. d4 d5 2. Nf3 Bf5 3. Bf4 e6 4. e3 h6 5. Bd3 Bxd3 6. Qxd3 Nf6 7. Nbd2 Nbd7 8.
h3 c5 9. c3 c4 10. Qc2 b5 11. e4 Nb6 12. O-O a5 13. a3 Be7 14. e5 Nh7 15. Be3
Ng5 16. Nxg5 Bxg5 17. f4 Be7 18. f5 Bg5 19. Rae1 Nd7 20. fxe6 fxe6 1-0

[Event "CYCC U14"]
[Site "Quebec CAN"]
[Date "2018.07.03"]
[Round "4.33"]
[White "Makarczyk, David"]
[Black "Tanaka, Tyler"]
[Result "0-1"]
[WhiteElo "1582"]
[BlackElo "2067"]
[PlyCount "64"]
[EventDate "2018.07.02"]
[EventType "swiss"]
[EventRounds "7"]
[EventCountry "CAN"]

1. e4 c5 2. Nc3 g6 3. f4 Bg7 4. Nf3 Nc6 5. Bb5 Nd4 6. O-O Nxb5 7. Nxb5 d5 8.
exd5 a6 9. Nc3 Nf6 10. d3 Nxd5 11. Nxd5 Qxd5 12. Qe2 Qd6 13. Re1 e6 14. Ne5 O-O
15. Bd2 b5 16. Rad1 Bb7 17. b3 Rfe8 18. Kh1 Rac8 19. Qf2 Qc7 20. c4 Red8 21.
Bc3 Rd6 22. Rd2 Rcd8 23. Red1 h5 24. d4 cxd4 25. Rxd4 bxc4 26. Rxd6 Rxd6 27.
Rxd6 Qxd6 28. Nxc4 Qd1+ 29. Qe1 Qc2 30. Bd2 Qxa2 31. h3 Qxb3 32. Na5 Qxh3+ 0-1

[Event "CYCC U14"]
[Site "Quebec CAN"]
[Date "2018.07.03"]
[Round "4.34"]
[White "England, Max"]
[Black "Chakkoli, Anirud"]
[Result "1-0"]
[WhiteElo "2061"]
[BlackElo "1422"]
[PlyCount "75"]
[EventDate "2018.07.02"]
[EventType "swiss"]
[EventRounds "7"]
[EventCountry "CAN"]

1. e4 c5 2. Nf3 d6 3. d4 cxd4 4. Nxd4 Nf6 5. Nc3 a6 6. Be3 Ng4 7. Qd2 Nxe3 8.
Qxe3 g6 9. Bc4 e6 10. O-O Bg7 11. Rad1 Qc7 12. Bb3 O-O 13. f4 Nc6 14. Nce2 Qb6
15. Nf5 Qxe3+ 16. Nxe3 Rd8 17. Nc4 d5 18. Nb6 d4 19. Nxa8 b5 20. Nb6 Bb7 21. f5
exf5 22. exf5 g5 23. f6 Bf8 24. Rf5 h6 25. Nd5 Bc8 26. Rf2 Bc5 27. Ne7+ Nxe7
28. fxe7 Bxe7 29. Rxf7 Bc5 30. Rd7+ Kf8 31. Rxd8+ Ke7 32. Rxc8 Ba7 33. Rc7+ Ke8
34. Rxa7 h5 35. Rxd4 g4 36. Nf4 h4 37. Bf7+ Kf8 38. Ne6# 1-0

[Event "CYCC U14"]
[Site "Quebec CAN"]
[Date "2018.07.03"]
[Round "4.35"]
[White "Xiang, Christopher"]
[Black "Zhao, Ian"]
[Result "0-1"]
[WhiteElo "1662"]
[BlackElo "2055"]
[PlyCount "98"]
[EventDate "2018.07.02"]
[EventType "swiss"]
[EventRounds "7"]
[EventCountry "CAN"]

1. e4 e5 2. Nf3 Nc6 3. d4 exd4 4. Nxd4 Bc5 5. Nb3 Bb6 6. Nc3 Nf6 7. Bg5 h6 8.
Bh4 O-O 9. Bd3 d6 10. O-O Ne5 11. Nd5 g5 12. Nxb6 axb6 13. Bg3 c5 14. Qe2 Bg4
15. f3 Bh5 16. a3 Rc8 17. Bxe5 dxe5 18. Rfd1 Qc7 19. Bc4 b5 20. Bd5 c4 21. Nc1
Rfd8 22. Na2 Nxd5 23. Rxd5 Rxd5 24. exd5 Qc5+ 25. Qf2 Qxd5 26. Nc3 Qc6 27. Rd1
f6 28. Rd5 Be8 29. Qd2 b4 30. axb4 Qb6+ 31. Kf1 Qxb4 32. Rd8 Rxd8 33. Qxd8 Qf8
34. Ne4 Kg7 35. Nd6 Bg6 36. Qc7+ Kh8 37. Nxb7 Qa8 38. Qe7 Qa1+ 39. Ke2 Qxb2 40.
Qxf6+ Kh7 41. Qe7+ Kg8 42. Qd8+ Kg7 43. Qd7+ Bf7 44. Kd2 Qb4+ 45. Ke2 Qb2 46.
Kd2 c3+ 47. Kd3 Qa1 48. Nd6 Qd1+ 49. Ke3 Qd2+ 0-1

[Event "CYCC U14"]
[Site "Quebec CAN"]
[Date "2018.07.03"]
[Round "4.36"]
[White "Ahmed, Syed Ibrahim"]
[Black "Wu, Tony (Dongze)"]
[Result "1/2-1/2"]
[WhiteElo "1493"]
[BlackElo "1883"]
[PlyCount "170"]
[EventDate "2018.07.02"]
[EventType "swiss"]
[EventRounds "7"]
[EventCountry "CAN"]

1. c4 Nf6 2. Nc3 e6 3. Nf3 Bb4 4. g3 b6 5. Bg2 Bb7 6. O-O Bxc3 7. bxc3 O-O 8.
d3 d6 9. Rb1 Nbd7 10. Re1 e5 11. Nxe5 Bxg2 12. Nxd7 Qxd7 13. Kxg2 h6 14. e4
Rfe8 15. h3 Rad8 16. Qf3 Qa4 17. Bxh6 Re6 18. Bg5 Qa5 19. Bxf6 Rxf6 20. Qe3
Qxc3 21. Rec1 Qa3 22. Rc2 a6 23. f4 Re6 24. f5 Re5 25. g4 Rde8 26. Rb3 Qa4 27.
h4 Qc6 28. Rf2 Qd7 29. Qg3 b5 30. cxb5 axb5 31. g5 d5 32. exd5 Qxd5+ 33. Qf3
Rxf5 34. Qxd5 Rxd5 35. Rc2 Rc8 36. Kf3 c6 37. Re2 Rcd8 38. Re3 Ra8 39. a3 Kh7
40. Kg4 Ra4+ 41. Re4 Rad4 42. h5 f5+ 43. gxf6 gxf6 44. Rxd4 Rxd4+ 45. Kf5 Rd6
46. Rc3 Kh6 47. d4 Kg7 48. Rg3+ Kh7 49. Rg4 Kh6 50. Rg6+ Kxh5 51. Rxf6 Rxd4 52.
Rxc6 Ra4 53. Rc3 Kh6 54. Rb3 Kg7 55. Ke6 Kf8 56. Kd7 Ra7+ 57. Kc6 Ke8 58. Rd3
Rh7 59. Kxb5 Rd7 60. Rc3 Kd8 61. Kb6 Rd6+ 62. Kb7 Rd7+ 63. Kb8 Rd4 64. Rh3 Kd7
65. Rc3 Ra4 66. Kb7 Kd6 67. Kb6 Kd7 68. Kb5 Ra8 69. Kb6 Ra4 70. Rc7+ Kd8 71.
Rc3 Kd7 72. Kb7 Rd4 73. Rc1 Kd8 74. Ra1 Rd7+ 75. Kb8 Rd3 76. a4 Rb3+ 77. Ka7
Rc3 78. a5 Kc7 79. a6 Rc6 80. Rb1 Kc8 81. Rh1 Rc2 82. Rh7 Rc7+ 83. Rxc7+ Kxc7
84. Ka8 Kc8 85. a7 Kc7 1/2-1/2

[Event "CYCC U14"]
[Site "Quebec CAN"]
[Date "2018.07.03"]
[Round "4.37"]
[White "Demers, Alexis"]
[Black "Ramesh, Sanjay"]
[Result "0-1"]
[WhiteElo "1726"]
[BlackElo "1416"]
[PlyCount "69"]
[EventDate "2018.07.02"]
[EventType "swiss"]
[EventRounds "7"]
[EventCountry "CAN"]

1. d4 Nf6 2. c4 e6 3. Nc3 Bb4 4. e3 d5 5. Nge2 c5 6. a3 Bxc3+ 7. Nxc3 cxd4 8.
exd4 b6 9. cxd5 Nxd5 10. Bb5+ Bd7 11. Bxd7+ Qxd7 12. O-O O-O 13. Qf3 Nc6 14.
Nxd5 Qxd5 15. Qxd5 exd5 16. Be3 Na5 17. Bd2 Nc4 18. Bb4 Rfe8 19. b3 a5 20. bxc4
axb4 21. axb4 dxc4 22. f3 Kf8 23. Kf2 Ke7 24. Ke3 Kd6+ 25. Kd2 Kd5 26. Kc3 Re3+
27. Kd2 Rae8 28. Ra7 Re2+ 29. Kd1 Kxd4 30. Rxf7 Rxg2 31. Re1 Ra8 32. Rd7+ Kc3
33. Re3+ Kxb4 34. Ke1 Ra1+ 35. Rd1 0-1

[Event "CYCC U14"]
[Site "Quebec CAN"]
[Date "2018.07.03"]
[Round "4.38"]
[White "Zhang, Andy"]
[Black "Chung, Leo"]
[Result "1/2-1/2"]
[WhiteElo "1382"]
[BlackElo "1696"]
[PlyCount "97"]
[EventDate "2018.07.02"]
[EventType "swiss"]
[EventRounds "7"]
[EventCountry "CAN"]

1. Nf3 Nf6 2. g3 g6 3. Bg2 Bg7 4. d4 d5 5. O-O O-O 6. c4 c6 7. Nc3 Re8 8. Qc2
Bf5 9. Qb3 b6 10. Bf4 e6 11. Ne5 Nfd7 12. Nxd7 Nxd7 13. cxd5 exd5 14. e3 h6 15.
Qa4 b5 16. Qa6 Nb6 17. Qb7 g5 18. Be5 f6 19. Qxc6 fxe5 20. Nxd5 Bd7 21. Qb7 Bh3
22. Bxh3 Qxd5 23. Qxd5+ Nxd5 24. Bd7 Re7 25. Bxb5 Kf8 26. dxe5 Rb8 27. Bc4 Nb6
28. b3 Nxc4 29. bxc4 Bxe5 30. Rab1 Rc8 31. Rfc1 Rec7 32. Rb5 Bd6 33. Ra5 Bc5
34. Ra6 Bb6 35. Ra4 Ke7 36. Kf1 Ke6 37. Ke2 Ke5 38. f4+ Kf5 39. Rc3 Kg4 40.
fxg5 Kxg5 41. Kf3 Rf8+ 42. Ke2 Rc5 43. Rd3 Rff5 44. Rb4 Ra5 45. h4+ Kh5 46. g4+
Kxg4 47. c5+ Kh5 48. cxb6 Rxa2+ 49. Rd2 1/2-1/2

[Event "CYCC U14"]
[Site "Quebec CAN"]
[Date "2018.07.03"]
[Round "4.39"]
[White "Wang, Eric"]
[Black "Celer-Matas, Simon"]
[Result "1-0"]
[WhiteElo "1682"]
[BlackElo "1223"]
[PlyCount "60"]
[EventDate "2018.07.02"]
[EventType "swiss"]
[EventRounds "7"]
[EventCountry "CAN"]

1. c4 e5 2. Nc3 Nf6 3. Nf3 Nc6 4. d4 exd4 5. Nxd4 Nxd4 6. Qxd4 Be7 7. g3 O-O 8.
Bg2 Re8 9. O-O d6 10. e4 c5 11. Qd3 Rb8 12. Bf4 Nh5 13. Be3 Nf6 14. Rfd1 Qb6
15. Rab1 Be6 16. Nb5 Red8 17. f4 a6 18. Nc3 Qb4 19. Nd5 Nxd5 20. exd5 Bg4 21.
Re1 b5 22. Bd2 bxc4 23. Qe3 Qa4 24. Qxe7 Qxa2 25. Bc3 Bf5 26. Ra1 Qb3 27. Rxa6
Qb5 28. Ra7 Bg6 29. Ra5 Qb6 30. Ra3 Rb7 1-0

[Event "CYCC U14"]
[Site "Quebec CAN"]
[Date "2018.07.03"]
[Round "4.40"]
[White "Arcand, Louis"]
[Black "Grandmont, Mathias"]
[Result "1-0"]
[WhiteElo "1267"]
[BlackElo "1560"]
[PlyCount "121"]
[EventDate "2018.07.02"]
[EventType "swiss"]
[EventRounds "7"]
[EventCountry "CAN"]

1. d4 Nf6 2. c4 e6 3. Nc3 Bb4 4. Bd2 d5 5. Nf3 c5 6. cxd5 exd5 7. dxc5 Bxc5 8.
e3 O-O 9. Bd3 Nc6 10. O-O Bg4 11. Rc1 Bb6 12. Be2 Qd7 13. Na4 Rad8 14. Nxb6
axb6 15. Bc3 Ne4 16. Bd4 Nxd4 17. Qxd4 Qf5 18. Nh4 Qh5 19. Bxg4 Qxg4 20. Nf3
Rd6 21. Rc7 Rg6 22. Ne1 Qe2 23. Rc2 Qh5 24. Nd3 Rh6 25. h3 Qg5 26. Nf4 Qf6 27.
Qxf6 Nxf6 28. Rd1 Ne4 29. Rxd5 Rc6 30. Rxc6 bxc6 31. Rd4 f5 32. g4 c5 33. Rc4
g5 34. Ne6 b5 35. Rxe4 fxe4 36. Nxf8 Kxf8 37. f4 gxf4 38. exf4 Ke7 39. Kf2 Ke6
40. Ke3 Kd5 41. f5 Ke5 42. f6 Kxf6 43. Kxe4 Kg5 44. a3 Kh4 45. Kf5 h6 46. Kf4
Kxh3 47. g5 hxg5+ 48. Kxg5 b4 49. axb4 cxb4 50. Kf4 b3 51. Ke3 Kg4 52. Kd3 Kf5
53. Kc4 Ke5 54. Kc5 Ke6 55. Kc4 Kd6 56. Kxb3 Kc5 57. Kc3 Kb5 58. Kb3 Ka6 59.
Kc4 Ka5 60. Kc5 Ka4 61. b4 1-0

[Event "CYCC U14"]
[Site "Quebec CAN"]
[Date "2018.07.03"]
[Round "4.41"]
[White "Leblanc, Alexandre"]
[Black "Xiao, Edward"]
[Result "0-1"]
[WhiteElo "1530"]
[BlackElo "1524"]
[PlyCount "102"]
[EventDate "2018.07.02"]
[EventType "swiss"]
[EventRounds "7"]
[EventCountry "CAN"]

1. e4 c5 2. Nf3 d6 3. d4 cxd4 4. Nxd4 Nf6 5. Nc3 a6 6. Bg5 e5 7. Nb3 Be6 8. f3
Nbd7 9. Qd2 Be7 10. h3 h6 11. Be3 Nb6 12. g4 Nc4 13. Bxc4 Bxc4 14. f4 Nh7 15.
O-O-O Bxb3 16. cxb3 Rc8 17. Kb1 Nf6 18. Qh2 Qc7 19. Rc1 exf4 20. Nd5 Qd8 21.
Nxf6+ Bxf6 22. Rxc8 Qxc8 23. Bxf4 Qe6 24. Re1 Be5 25. Bxe5 Qxe5 26. Qxe5+ dxe5
27. Rd1 Ke7 28. Rc1 Kd6 29. Kc2 Rc8+ 30. Kd2 Rxc1 31. Kxc1 Kc5 32. Kd2 Kd4 33.
Ke2 Kxe4 34. a3 h5 35. b4 hxg4 36. hxg4 Kf4 37. Kf2 Kxg4 38. Ke3 f5 39. Kf2 f4
40. Ke2 f3+ 41. Kf2 e4 42. b3 Kf4 43. b5 axb5 44. a4 bxa4 45. bxa4 e3+ 46. Kg1
e2 47. Kf2 g5 48. a5 g4 49. a6 g3+ 50. Ke1 Ke3 51. axb7 f2# 0-1

[Event "CYCC U14"]
[Site "Quebec CAN"]
[Date "2018.07.03"]
[Round "4.42"]
[White "Petrovic, Milos"]
[Black "Cloutier, Simon"]
[Result "0-1"]
[WhiteElo "1291"]
[BlackElo "1366"]
[PlyCount "90"]
[EventDate "2018.07.02"]
[EventType "swiss"]
[EventRounds "7"]
[EventCountry "CAN"]

1. e4 e5 2. Nf3 Nc6 3. Bc4 Bc5 4. d3 h6 5. c3 Nf6 6. Bb3 Bb6 7. h3 d6 8. Nbd2
Be6 9. Bc2 Qd7 10. Nf1 Ne7 11. Ng3 Ng6 12. d4 c6 13. d5 cxd5 14. Ba4 Bxf2+ 15.
Kxf2 b5 16. exd5 Bxd5 17. Bb3 Bxb3 18. axb3 O-O 19. Re1 a6 20. Kg1 Rfe8 21. Ne4
Nxe4 22. Rxe4 Qc6 23. Qe2 Re6 24. c4 Rae8 25. Bd2 f5 26. Re3 Qb6 27. Kh1 Nf4
28. Qf1 g5 29. cxb5 axb5 30. Qg1 e4 31. Nh2 d5 32. Ree1 e3 33. Bxe3 Rxe3 34.
Nf1 Ne2 35. Rxe2 Rxh3+ 36. gxh3 Qxg1+ 37. Kxg1 Rxe2 38. Ra5 f4 39. Nh2 d4 40.
Ra8+ Kf7 41. Rd8 Rxb2 42. Rxd4 Rxb3 43. h4 Ke6 44. Kg2 Ke5 45. Nf3+ Rxf3 0-1

[Event "CYCC U14"]
[Site "Quebec CAN"]
[Date "2018.07.03"]
[Round "4.43"]
[White "James, Rowan"]
[Black "Vijendra, Vinushan"]
[Result "1-0"]
[WhiteElo "1903"]
[BlackElo "1173"]
[PlyCount "75"]
[EventDate "2018.07.02"]
[EventType "swiss"]
[EventRounds "7"]
[EventCountry "CAN"]

1. e4 e5 2. Nf3 Nc6 3. Bc4 Bc5 4. d3 Nf6 5. Nc3 O-O 6. Bg5 Be7 7. O-O d6 8. h3
Be6 9. Bb3 Qd7 10. d4 Bxb3 11. axb3 h6 12. dxe5 Nxe5 13. Nxe5 dxe5 14. Qxd7
Nxd7 15. Bxe7 Rfe8 16. Nd5 Rac8 17. Bh4 c6 18. Ne7+ Kf8 19. Nf5 Re6 20. Rxa7
Nc5 21. f3 g5 22. Bf2 Na6 23. Rxb7 c5 24. Rd1 Kg8 25. Rbd7 Rf8 26. Ne7+ Kg7 27.
Nd5 Rc6 28. Ne7 Re6 29. Nf5+ Kg6 30. R1d6 Rfe8 31. Rxe6+ Rxe6 32. Rd5 Kh7 33.
Bxc5 Rc6 34. b4 Nxc5 35. Rxc5 Rb6 36. c3 Kg6 37. Rxe5 f6 38. Re7 1-0

[Event "CYCC U14"]
[Site "Quebec CAN"]
[Date "2018.07.03"]
[Round "4.44"]
[White "Laroche, Hugo"]
[Black "Kochetkov, Maxim"]
[Result "1-0"]
[WhiteElo "1415"]
[BlackElo "1181"]
[PlyCount "89"]
[EventDate "2018.07.02"]
[EventType "swiss"]
[EventRounds "7"]
[EventCountry "CAN"]

1. d4 Nf6 2. Bf4 d6 3. Nf3 g6 4. e3 Bg7 5. c4 O-O 6. Nc3 Nbd7 7. Be2 Re8 8. h3
e5 9. dxe5 dxe5 10. Bh2 a5 11. O-O Re7 12. Nxe5 Ne8 13. Nxd7 Rxd7 14. Qc2 Rd2
15. Rad1 Rxc2 16. Rxd8 Kf8 17. Bd3 Rxb2 18. Nd5 b6 19. Rxe8+ Kxe8 20. Nxc7+ Kd7
21. Nxa8 Bb7 22. Nc7 Rxa2 23. Rd1 Kc8 24. Nb5 Bc6 25. Na7+ Kb7 26. Nxc6 Kxc6
27. Be4+ Kc5 28. Bd6+ Kxc4 29. Bd5+ Kc3 30. Bxa2 Kc2 31. Rb1 Bb2 32. Bc7 f5 33.
Bxb6 a4 34. f3 a3 35. Bd4 Bc1 36. Rxc1+ Kxc1 37. e4 fxe4 38. fxe4 g5 39. e5 g4
40. hxg4 h5 41. e6 hxg4 42. e7 g3 43. e8=Q Kc2 44. Qe2+ Kc1 45. Be3# 1-0

[Event "CYCC U14"]
[Site "Quebec CAN"]
[Date "2018.07.03"]
[Round "4.45"]
[White "Hallam, Lucas"]
[Black "Dong, Yiwei"]
[Result "0-1"]
[WhiteElo "1103"]
[BlackElo "1364"]
[PlyCount "116"]
[EventDate "2018.07.02"]
[EventType "swiss"]
[EventRounds "7"]
[EventCountry "CAN"]

1. d4 Nf6 2. c4 e6 3. Nc3 d5 4. e3 Be7 5. Nf3 Nbd7 6. cxd5 exd5 7. Bd3 O-O 8.
O-O c5 9. Bb5 b6 10. Bc6 Ba6 11. Re1 Rc8 12. Bxd5 cxd4 13. Qxd4 Bc5 14. Qd1 Bb4
15. Qb3 Bxc3 16. bxc3 Nc5 17. Qc2 Qxd5 18. Rd1 Qe4 19. Qxe4 Nfxe4 20. Bb2 Rfd8
21. Rxd8+ Rxd8 22. a4 Nb3 23. Rb1 Be2 24. Nd4 Bc4 25. Rd1 Nxd4 26. exd4 f5 27.
f3 Nf6 28. Bc1 Re8 29. Bd2 Kf7 30. h4 h6 31. Kh2 g5 32. Kh3 gxh4 33. Kxh4 Re2
34. g4 fxg4 35. fxg4 Re4 36. Rg1 Be2 37. Bxh6 Rxg4+ 38. Rxg4 Bxg4 39. Bg5 Bd7
40. Kg3 Ne4+ 41. Kf4 Nxg5 42. Kxg5 Ke6 43. Kf4 Kd5 44. Ke3 Bxa4 45. Kd3 Bb5+
46. Kc2 Bc4 47. Kb2 a5 48. Ka3 b5 49. Kb2 b4 50. Ka1 b3 51. Kb2 a4 52. Kb1 a3
53. Ka1 b2+ 54. Kb1 Bd3+ 55. Ka2 b1=Q+ 56. Kxa3 Bc4 57. Ka4 Qb3+ 58. Ka5 Qb5#
0-1

[Event "CYCC U14"]
[Site "Quebec CAN"]
[Date "2018.07.03"]
[Round "4.46"]
[White "Lei, Yanyu"]
[Black "Yoker, Callum"]
[Result "0-1"]
[WhiteElo "1337"]
[BlackElo "1160"]
[PlyCount "122"]
[EventDate "2018.07.02"]
[EventType "swiss"]
[EventRounds "7"]
[EventCountry "CAN"]

1. d4 Nf6 2. c4 g6 3. Nc3 d5 4. Bg5 Ne4 5. Nxe4 dxe4 6. e3 Bg7 7. Qc2 c6 8.
O-O-O Bf5 9. Be2 O-O 10. g4 Be6 11. Qxe4 b5 12. cxb5 Bd5 13. Qc2 Bxh1 14. f3
cxb5 15. Qc5 f6 16. Bf4 a6 17. h4 Qc8 18. Qxc8 Rxc8+ 19. Kb1 e5 20. dxe5 fxe5
21. Bg3 Ra7 22. Nh3 Bg2 23. Nf2 Rac7 24. a3 Nd7 25. Ne4 Nc5 26. Nxc5 Rxc5 27.
Rg1 Rc2 28. Rxg2 e4 29. Bc4+ R2xc4 30. fxe4 Rxe4 31. Bf4 Bd4 32. Re2 Rce8 33.
Rc2 Bxe3 34. Bxe3 Rxe3 35. Rc6 R3e6 36. Rc3 a5 37. h5 a4 38. Rc5 Re5 39. Rc2
gxh5 40. gxh5 Rxh5 41. Ka2 Kf7 42. Rc7+ Re7 43. Rc2 Rg5 44. Rh2 h5 45. Rh4 Kg6
46. Kb1 Rg4 47. Rh3 h4 48. Ka2 Kg5 49. Rd3 Rf7 50. Rh3 Rg3 51. Rh2 h3 52. Rh1
Kg4 53. Rd1 h2 54. Rh1 Kh3 55. Rd1 Rgf3 56. Rd5 h1=Q 57. Rh5+ Kg2 58. Rxh1 Kxh1
59. Ka1 Rf1+ 60. Ka2 Kh2 61. b3 R7f2# 0-1

[Event "CYCC U14"]
[Site "Quebec CAN"]
[Date "2018.07.03"]
[Round "4.47"]
[White "Jiang, Shawn"]
[Black "Landstrom, William"]
[Result "1/2-1/2"]
[WhiteElo "1020"]
[BlackElo "1297"]
[PlyCount "116"]
[EventDate "2018.07.02"]
[EventType "swiss"]
[EventRounds "7"]
[EventCountry "CAN"]

1. e4 d6 2. d4 Nf6 3. Bd3 Nbd7 4. c4 e5 5. d5 Be7 6. Ne2 c6 7. O-O Qc7 8. Nbc3
h6 9. Ng3 Nc5 10. f4 Qb6 11. Kh1 Qc7 12. b4 Na6 13. a3 Bg4 14. Be2 Bd7 15. Be3
Rd8 16. Nf5 Bxf5 17. exf5 Nb8 18. Bxa7 Nbd7 19. Be3 c5 20. Rf3 Ng4 21. Rg3 Nxe3
22. Rxe3 Nf6 23. fxe5 dxe5 24. Rg3 Rg8 25. Bf3 Bd6 26. Ne4 Nxe4 27. Bxe4 cxb4
28. axb4 Qxc4 29. Qa4+ b5 30. Qa2 Bxb4 31. Qxc4 bxc4 32. Ra4 Rb8 33. f6 g5 34.
Bf5 h5 35. Re3 Bd6 36. Rxc4 Ra8 37. Rc8+ Rxc8 38. Bxc8 Rg6 39. Rf3 g4 40. Rf5
Kd8 41. Bb7 Kc7 42. Bc6 Rg8 43. Rxh5 e4 44. Kg1 e3 45. Kf1 Rb8 46. Ke2 Bc5 47.
Rh7 Rb2+ 48. Kd3 Rd2+ 49. Kc4 e2 50. Rxf7+ Kd6 51. Re7 Rd4+ 52. Kc3 Rf4 53.
Rxe2 Bg1 54. h3 gxh3 55. gxh3 Rf3+ 56. Kc4 Rxh3 57. Re6+ Kc7 58. Re7+ Kd6
1/2-1/2

[Event "CYCC U14"]
[Site "Quebec CAN"]
[Date "2018.07.03"]
[Round "4.49"]
[White "Blanco, Rafael"]
[Black "Cossette-Labbe, Raphael"]
[Result "1-0"]
[WhiteElo "1197"]
[BlackElo "1076"]
[PlyCount "111"]
[EventDate "2018.07.02"]
[EventType "swiss"]
[EventRounds "7"]
[EventCountry "CAN"]

1. e4 e5 2. Nf3 Nc6 3. Bc4 Be7 4. c3 Na5 5. Bb3 Nxb3 6. Qxb3 Nf6 7. Nxe5 O-O 8.
d3 d6 9. Nf3 Be6 10. Qxb7 d5 11. e5 Ng4 12. h3 Nh6 13. Bxh6 gxh6 14. d4 Rb8 15.
Qxa7 Rxb2 16. Qa6 Bh4 17. O-O Bg5 18. Qd3 Kh8 19. Na3 Rg8 20. Nc2 Bf4 21. Ne3
Bxh3 22. Ne1 Qg5 23. a4 Bxe3 24. Qxe3 Qg6 25. Qxh3 Qe4 26. Qxh6 Re2 27. Qf6+
Rg7 28. Nf3 Qg4 29. Nh4 h5 30. Qf3 Re4 31. Qg3 Qe2 32. Qf3 Qa6 33. Nf5 Rg5 34.
Ne3 Qg6 35. a5 Qa6 36. c4 Rxd4 37. cxd5 Rxe5 38. Qxf7 Rg5 39. Qe6 Qa7 40. Qf6+
Rg7 41. Qh6+ Kg8 42. Qxh5 Qa8 43. a6 Rh7 44. Qg6+ Rg7 45. Qc6 Qa7 46. Nf5 Rgg4
47. Nxd4 Rxd4 48. Qe8+ Kh7 49. Qe3 Kg6 50. Rfb1 c5 51. dxc6 Qg7 52. Qg3+ Kf7
53. Qxg7+ Kxg7 54. a7 Rd8 55. Rb8 Rd6 56. a8=Q 1-0

[Event "CYCC U14"]
[Site "Quebec CAN"]
[Date "2018.07.03"]
[Round "4.51"]
[White "Wu, Sunny"]
[Black "Stopic, Alexander"]
[Result "0-1"]
[WhiteElo "864"]
[BlackElo "1662"]
[PlyCount "104"]
[EventDate "2018.07.02"]
[EventType "swiss"]
[EventRounds "7"]
[EventCountry "CAN"]

1. b3 e5 2. Bb2 Nc6 3. e3 d5 4. Bb5 Bd6 5. f4 Qe7 6. fxe5 Bxe5 7. d4 Bd6 8. Nf3
Qxe3+ 9. Be2 Nf6 10. Qd3 Ng4 11. Qxe3+ Nxe3 12. Bd3 Nxg2+ 13. Kf2 Nf4 14. Be2
Bf5 15. Re1 O-O-O 16. Bd1 Rde8 17. Nc3 Rxe1 18. Kxe1 Re8+ 19. Kd2 Bg4 20. Kc1
Bxf3 21. Bxf3 Re1+ 22. Nd1 Rf1 23. Bg4+ Ne6 24. c3 Bxh2 25. Kc2 g6 26. Rc1 Bf4
27. Rb1 h5 28. Bh3 Rf3 29. Bg2 Rg3 30. Bxd5 h4 31. Ba3 h3 32. Kb2 Rg1 33. Ka1
h2 34. Nf2 Rxb1+ 35. Kxb1 Kd7 36. Kc2 Bd6 37. Bxd6 Kxd6 38. Bh1 f5 39. Kd3 g5
40. Ke3 Ne7 41. Ke2 g4 42. Kf1 Nf4 43. Bxb7 c6 44. Nh1 Nh5 45. a4 f4 46. Kg2 g3
47. b4 Kc7 48. Ba6 Nf5 49. Be2 Nh4+ 50. Kh3 f3 51. Kxh4 fxe2 52. Kxh5 e1=Q 0-1

[Event "CYCC U14"]
[Site "Quebec CAN"]
[Date "2018.07.03"]
[Round "4.52"]
[White "Zhu, Benjamin"]
[Black "Renard, Christopher"]
[Result "1-0"]
[WhiteElo "830"]
[BlackElo "1018"]
[PlyCount "71"]
[EventDate "2018.07.02"]
[EventType "swiss"]
[EventRounds "7"]
[EventCountry "CAN"]

1. e4 e5 2. Nf3 Nc6 3. Bc4 Bc5 4. O-O Nf6 5. d3 d6 6. h3 Be6 7. Bxe6 fxe6 8.
Bg5 O-O 9. Nbd2 d5 10. a3 Qd7 11. Bxf6 Rxf6 12. Qe1 Bd6 13. b4 a6 14. c3 d4 15.
cxd4 exd4 16. e5 Rh6 17. exd6 Qxd6 18. Rc1 a5 19. Ne4 Qf4 20. Neg5 e5 21. Qd1
Rf8 22. Qb3+ Kh8 23. Ne6 Rxe6 24. Qxe6 g6 25. Qg4 Qxg4 26. hxg4 Rf4 27. Rfe1
Rxg4 28. Nxe5 Nxe5 29. Rxe5 axb4 30. axb4 h5 31. Re7 h4 32. Rcxc7 h3 33. g3 Rg5
34. Re1 h2+ 35. Kh1 Kg8 36. Re8# 1-0

[Event "CYCC U14"]
[Site "Quebec CAN"]
[Date "2018.07.04"]
[Round "5.29"]
[White "Hemstapat, Andrew"]
[Black "Zhao, Jeffrey R"]
[Result "1/2-1/2"]
[WhiteElo "2239"]
[BlackElo "1973"]
[PlyCount "78"]
[EventDate "2018.07.02"]
[EventType "swiss"]
[EventRounds "7"]
[EventCountry "CAN"]

1. e4 e5 2. Bc4 Nc6 3. Nf3 Bc5 4. d4 Bxd4 5. Nxd4 Nxd4 6. O-O Nf6 7. Bg5 h6 8.
Bh4 O-O 9. f4 d6 10. fxe5 dxe5 11. Bxf6 gxf6 12. c3 Be6 13. Na3 Nc6 14. Qh5 Kh7
15. Rf3 Ne7 16. Rxf6 Ng8 17. Rf2 Nf6 18. Qf3 Nd7 19. Raf1 Qg5 20. Kh1 Rad8 21.
Qe2 c6 22. h3 Qg6 23. b4 Rg8 24. Rxf7+ Bxf7 25. Bxf7 Qg5 26. Bxg8+ Rxg8 27.
Rf7+ Rg7 28. Rxg7+ Kxg7 29. Nc2 Qc1+ 30. Kh2 Nf6 31. a4 Qf4+ 32. Kg1 Qxe4 33.
Qd2 Nd5 34. Qf2 Qd3 35. Qxa7 Qxc2 36. Qxb7+ Kf8 37. Qxc6 Qc1+ 38. Kh2 Qf4+ 39.
Kg1 Qc1+ 1/2-1/2

[Event "CYCC U14"]
[Site "Quebec CAN"]
[Date "2018.07.04"]
[Round "5.30"]
[White "Yang, Fan"]
[Black "Craciun, David"]
[Result "1-0"]
[WhiteElo "2113"]
[BlackElo "1837"]
[PlyCount "91"]
[EventDate "2018.07.02"]
[EventType "swiss"]
[EventRounds "7"]
[EventCountry "CAN"]

1. e4 e5 2. Nf3 Nc6 3. Bc4 Bc5 4. c3 Nf6 5. d3 a6 6. Bb3 Ba7 7. Nbd2 d6 8. O-O
O-O 9. h3 Nh5 10. Nc4 b5 11. Ne3 Be6 12. Nd5 Na5 13. Bg5 Qd7 14. Nxe5 dxe5 15.
Ne7+ Kh8 16. Bxe6 Qxe6 17. Qxh5 c6 18. Qh4 Nb7 19. Nf5 f6 20. Be3 Bxe3 21. fxe3
Nc5 22. d4 exd4 23. exd4 Na4 24. Rf2 Rae8 25. Ng3 Rf7 26. Qf4 Nb6 27. b3 Nc8
28. Re1 Nd6 29. Rfe2 Rfe7 30. Kf2 Nf7 31. Nf5 Rd7 32. Ng3 Rde7 33. Nf1 g6 34.
Nd2 Kg7 35. Re3 Ng5 36. R1e2 Rf8 37. Kg1 Nf7 38. Kh2 Rfe8 39. Nf3 Rd8 40. Ne1
Rde8 41. Nd3 Qc8 42. Nc5 Ng5 43. e5 Rf7 44. exf6+ Rxf6 45. Rxe8 Qxe8 46. Qxf6+
1-0

[Event "CYCC U14"]
[Site "Quebec CAN"]
[Date "2018.07.04"]
[Round "5.31"]
[White "Zhao, Ian"]
[Black "Papneja, Arul"]
[Result "1-0"]
[WhiteElo "2055"]
[BlackElo "2082"]
[PlyCount "39"]
[EventDate "2018.07.02"]
[EventType "swiss"]
[EventRounds "7"]
[EventCountry "CAN"]

1. e4 c5 2. Nf3 d6 3. d4 cxd4 4. Nxd4 Nf6 5. Nc3 a6 6. h3 e6 7. g4 Be7 8. Bg2
Nfd7 9. g5 Bxg5 10. Nxe6 Bxc1 11. Nxd8 Bxb2 12. Nd5 Kxd8 13. Rb1 Be5 14. f4 Bf6
15. Nxf6 gxf6 16. Qxd6 Re8 17. O-O Re6 18. Qd2 Nc6 19. Rfd1 Ke7 20. Rxb7 1-0